000 00669njm a2200253 c 4500
003 BLK
005 20180421002447.0
008 180410b bul||n||s|||||||| n|bulo|
010 _aCDD00003784000
040 _aBLK
041 _aBUL
_cENG
700 1 _aO'Connor, Sinead
_eизп.
_9354543
139 _aO'Connor, Sinead
_bO 19
245 1 0 _aAm I not your girl? [аудио CD]
_cизп. Sinead O'Connor.
257 _aBGR
260 S. l.
_c1992
380 _a7
590 _aS.N: 93130 от КНИГИ
852 _aЦб CD 2407
_p0
856 4 _qpdf
_u
856 4 _qpdf
_u
942 _cCDD
_n0
944 _aCR
_c16.12.2009
_kВаля_Йорданова
944 _aED
_c16.12.2009
_k
999 _c221283
_d221283